000 01054nam a2200325 i 4500
001 47871
003 ES-MaACL
005 20250828102637.0
007 t|
008 030623s2001 sp ||||0| spa j
020 _a84-7432-697-4
040 _aM-BN
_bspa
_cM-BN
080 _a001.891.32
080 _a001.81
100 1 _aOrna, Elizabeth.
_987301
245 1 0 _aCómo usar la información en trabajos de investigación /
_cElizabeth Orna, Graham Stevens ; [traducción, Roberto Rosaspini].
250 _a1ª ed.
260 _aBarcelona :
_bGedisa,
_c2001.
300 _a238 p :
_bil ;
_c24 cm.
490 1 _aBiblioteca de educación. Herramientas universitarias ;
_v4
500 _aIndice.
650 1 4 _aBúsqueda bibliográfica.
_910650
650 _aEscritos científicos.
_912399
700 1 _aStevens, Graham.
_9108158
700 1 _aRosaspini, Roberto.
_999655
830 0 0 _aBiblioteca de educación (Gedisa)
_v4
_9228884
852 _aES-MaACL
_jL-26417
_bR.130765
999 _c47871
_d47871